000 01015nam a2200289 4500
003 EG-GICUC
005 20260121101344.0
008 251125s1930 fr ||||fr|||| 00| 0 fre d
040 _aEG-GiCUC
_bfre
_cEG-GiCUC
_dEG-GiCUC
_eRda
041 _afre
082 0 4 _221
_a341.22
_bR A . C
092 0 4 _221
099 _aLaw1 11 341.22 R A . C 1930
100 1 _aRay, Jean.
_eAuteur
245 1 0 _aCommentaire du Pacte de la Société des nations :
_b selon la politique et la jurisprudence des organes de la Société /
_cJean Ray.
264 1 _aParis :
_bLibrairie du Recueil Sirey,
_c1930.
300 _a717 page ;
_c 24 cm.
336 _2rda contenu
_a texte
337 _2rda medias
_aOrdinateur
338 _2 transporteur rda
_a Ressource en ligne
504 _aRéférences bibliographiques
546 _aTexte en français
650 1 _aSociété des Nations
_xDroit international public
856 4 0 _uhttps://fll.law.cu.edu.eg/fulltext/bks/B11-06017.pdf
905 _a75
_eYara
942 _2ddc
_n0
_cBK
_e21
999 _c45995
_d45995